000
00419nam a22001217a 4500
003
SGT
082
_a
320
_b
B98S
100
_a
शरण, शंकर
245
_a
भारत चीन संबंध और तिब्बत :एक पुनर्विचार
260
_b
तिब्बती संसदीय एवं निति शोध केंद्र
_c
1998
300
_a
83
942
_2
ddc
_c
BK
999
_c
31886
_d
31886